Vývoj spotrebiteľských cien v decembri 1995 v Slovenskej republike
Spotrebiteľské ceny potravinárskeho a nepotravinárskeho tovaru, služieb a verejného stravovania v SR decembri 1995. Tržby poľnohospodárskych podnikov. Vývoj indexov spotrebiteľských cien v jednotlivých mesiacoch r. 1994, 1995 a 1996. Vývoj nezamestnanosti.
Guardado en:
| Formato: | Capítulo de libro |
|---|---|
| Lenguaje: | eslovaco |
| Materias: | |
| Etiquetas: |
Sin Etiquetas, Sea el primero en etiquetar este registro!
|
MARC
| LEADER | 00000naa a2200000 4500 | ||
|---|---|---|---|
| 001 | r020459 | ||
| 005 | 20230801103353.4 | ||
| 041 | 0 | |a slo | |
| 044 | |a SK | ||
| 245 | 1 | 0 | |a Vývoj spotrebiteľských cien v decembri 1995 v Slovenskej republike |
| 520 | |a Spotrebiteľské ceny potravinárskeho a nepotravinárskeho tovaru, služieb a verejného stravovania v SR decembri 1995. Tržby poľnohospodárskych podnikov. Vývoj indexov spotrebiteľských cien v jednotlivých mesiacoch r. 1994, 1995 a 1996. Vývoj nezamestnanosti. | ||
| 610 | 2 | 0 | |a Slovensko |
| 610 | 2 | 0 | |a 1994-1996 |
| 610 | 2 | 0 | |a ceny spotrebiteľské |
| 610 | 2 | 0 | |a december |
| 610 | 2 | 0 | |a 1995 |
| 610 | 2 | 0 | |a indexy cenové |
| 610 | 2 | 0 | |a nezamestnanosť |
| 610 | 2 | 0 | |a mzdy |
| 610 | 2 | 0 | |a údaje štatistické |
| 610 | 2 | 0 | |a ŠÚ SR Bratislava |